[Event "EU-ch 11th"]
[Site "Rijeka"]
[Date "2010.03.17"]
[Round "11"]
[White "Shimanov, Aleksandr"]
[Black "Tregubov, Pavel V"]
[Result "0-1"]
[WhiteElo "2553"]
[BlackElo "2625"]
[Annotator "Mikhalchishin,A"]
[PlyCount "60"]
[EventDate "2010.03.06"]
[EventType "swiss"]
[EventRounds "11"]
[EventCountry "CRO"]
[SourceTitle "CBM 136"]
[Source "ChessBase"]
[SourceDate "2010.05.18"]
[SourceVersion "1"]
[SourceVersionDate "2010.05.18"]
[SourceQuality "1"]

1. Nf3 c5 2. c4 Nc6 3. d4 cxd4 4. Nxd4 Nf6 5. Nc3 e6 6. g3 Qb6 7. Ndb5 Ne5 ({
In the last century Black obtained quite solid counterplay after a
counterattack in the centre.} 7... d5 8. Be3 d4 9. Nxd4 Qxb2 10. Ndb5 Bb4 11.
Qc1 Qxc1+ 12. Rxc1 O-O 13. Bg2 Bd7 14. O-O a6 15. Nd4 Na5 16. Ne4 Rac8 17.
Nxf6+ gxf6 18. Nb3 Rxc4 19. Nxa5 Rxc1 20. Rxc1 Bxa5 21. Bxb7 Bb5 22. Bf3 Rd8
23. Kg2 Bd2 24. Rd1 Ba5 25. Rb1 Bd2 26. Bb6 Rc8 27. Rb2 Bc1 28. Rb4 Rc4 {
1/2 Tukmakov-Mikhalchishin,Lviv 1984}) ({Possible, but extremely risky is} 7...
Ng4 8. e3 h5 9. Bg2 Nce5 10. Qe2 a6 11. Nd4 Qc7 12. b3 d5 13. h3 Nf6 14. f4
Ned7 15. O-O dxc4 16. Qxc4 Qxc4 17. bxc4 Nc5 18. Rb1 Be7 19. Ba3 Nfd7 20. Rfd1
Rb8 21. Bb4 g5 22. f5 e5 23. Nde2 Nf6 24. Nd5 Nxd5 25. Rxd5 Bxf5 26. e4 Nxe4
27. Rxe5 Be6 28. Bxe7 Kxe7 29. Rxe4 Rhc8 30. Nd4 Rxc4 31. Nxe6 Rxe4 32. Bxe4
Kxe6 33. Rxb7 Rc8 34. Rb3 Ke5 35. Bf3 {1-0 Agrest,E (2588)-Ortiz Suarez,I 
(2517)/Ourense ESP 2009 (48)}) ({But a simple continuation that has, strangely
enough, not been tried often is} 7... a6 8. Nd6+ Bxd6 9. Qxd6 Qb4 10. Qxb4 Nxb4
11. Rb1 d5 12. Bg2 dxc4 13. b3 cxb3 14. Rxb3 Nc2+ 15. Kf1 Nd4 16. Rb4 Nc6 17.
Rb1 O-O 18. Be3 e5 19. Na4 {1/2 Gelfand,B (2710)-Topalov,V (2745)/Dortmund GER
2002}) ({Very popular in former times was} 7... Bc5 8. Bg2 ({After} 8. Nd6+ Ke7
9. Nde4 Nxe4 10. Nxe4 Bb4+ 11. Bd2 d5 12. cxd5 exd5 13. Nc3 Be6 14. Bg2 Rhd8
15. O-O Kf8 16. Rc1 Be7 17. Na4 Qb5 18. Nc3 Qa6 19. Qa4 Qxa4 20. Nxa4 Rac8 21.
Rfd1 Bg4 22. Kf1 Nd4 23. f3 Be6 {This position with an isolated pawn is not
dangerous for Black.} 24. f4 Nf5 25. Rxc8 Rxc8 26. Nc3 d4 27. Nd5 Rc2 28. Nxe7
Kxe7 29. g4 Ne3+ 30. Bxe3 dxe3 31. Bf3 f5 32. Rd3 fxg4 33. Bxb7 Rxb2 34. Be4
Bxa2 35. Rxe3 Rb3 {without problems for Black.}) 8... a6 (8... d5 9. O-O dxc4
10. Nd6+ Bxd6 11. Qxd6 Ne7 12. Qa3 Nfd5 13. Ne4 O-O 14. Nd6 c3 15. e4 Nb4 16.
Nc4 Qc5 17. Qxc3 b5 18. Na3 Qxc3 19. bxc3 Nd3 20. Nxb5 Nxc1 21. Rfxc1 e5 22.
Nc7 Rb8 23. Rab1 Bd7 24. Nd5 Nc6 25. Bf1 Rxb1 26. Rxb1 Rb8 27. Rb3 Kf8 28. f3
Be6 29. Kf2 {and the extra pawn can be converted into a win.}) 9. Nd6+ Ke7 10.
Nde4 Nxe4 11. Nxe4 Bb4+ 12. Kf1 d5 $1 13. cxd5 Rd8 14. Be3 Qb5 15. Nc3 Bxc3 16.
bxc3 exd5 17. Rb1 Qc4 18. Qd3 Qxd3 19. Bc5+ Kf6 20. exd3 b5 21. Ke2 {A strange
decision - White is clearly better in the endgame.}) 8. Bf4 {A modern move,
but the old one is not bad at all.} (8. Bg2 a6 9. Na3 ({Very sharp and not
clear up to now is} 9. Qa4 Rb8 (9... Neg4 10. O-O Rb8 11. b4 $5 $146 (11. Na3)
11... axb5 12. Nxb5 d5 $8 13. Nd6+ Ke7 14. c5 Qa6 15. Qc2 Ne8 16. b5 Qa8 17.
Bf4 Nxd6 $2 (17... f5 $1 {Seirawan,Y}) 18. Bxd6+ Ke8 19. Bxb8 Qxb8 20. a4 Qc7
$2 (20... f5) 21. Rfc1 f5 22. a5 Ne5 23. c6 b6 24. axb6 Qxb6 25. Ra8 Kd8 26.
Rb8 $1 {1-0 Kramnik,V (2710)-Anand,V (2715)/Monaco 1994}) 10. Be3 axb5 11. Bxb6
bxa4 12. Bc7 Ra8 13. Bxe5 a3 14. O-O-O axb2+ 15. Kxb2 Bc5 16. Nb5 Ke7 17. Bd6+
Bxd6 18. Rxd6 Ng4 19. h3 Ne5 20. Kb3 Nc6 21. Rhd1 g5 22. a4 h5 23. c5 h4 24. g4
Rf8 {1-0 Sismanis,A (2183)-Malakhatko,V (2596)/Nikea GRE 2007. and Black has
no space.}) 9... Bxa3 10. bxa3 Nxc4 {This position was tried in many games,
but it is clear, that White has sufficient compensation for the pawn, but not
more.} 11. Bg5 d5 12. O-O Bd7 13. e4 (13. Bxf6 gxf6 14. e4 d4 15. Rb1 Qc5 16.
Rxb7 Rd8 17. Na4 Qxa3 18. Qxd4 Bc6 19. Qxf6 Bxb7 20. Qxh8+ Ke7 21. Qxh7 Qxa4
22. e5 Bxg2 23. Qh4+ Ke8 24. Kxg2 Rd2 25. Qg5 Qc6+ 26. Kg1 Qe4 27. Rc1 Qf3 28.
Qf4 Qxf4 29. gxf4 Rd4 {0-1 Thinius,M (2380)-Rapport,R (2444)/Marianske Lazne
CZE 2010}) 13... Nxe4 14. Nxe4 dxe4 15. Rb1 Qc5 16. Rxb7 O-O 17. Qc1 Bb5 18. a4
Bxa4 19. Bxe4 Rac8 20. Be7 Qe5 21. Re1 Rfe8 22. Bxh7+ Kxh7 23. Rxe5 Nxe5 24.
Rc7 Bc6 25. Rxc8 Rxc8 26. f4 Nf3+ 27. Kf2 Nxh2 {1/2 Agrest,E (2574)-Ivanchuk,V
(2699)/Sweden SWE 2003. Black's compensation for the queen looks to be
sufficicient for a draw.}) 8... Nfg4 (8... d6 9. Bg2 Be7 10. c5 Qxc5 11. Be3
Qc4 12. b3 Qb4 13. Nc7+ Kd8 14. Nxa8 Qxc3+ 15. Bd2 Qb2 16. O-O Nc6 17. Rb1 Qa3
18. b4 d5 19. b5 Ne5 20. e4 Nxe4 21. Bf4 Nc3 22. Qc2 Bf6 23. Rb3 Qc5 24. Qxc3
Nc4 25. Bg5 {winning}) 9. Qa4 {In this critical position Black has a few
interesting possibilities.} ({A very simple defensive move which is playable
and which gives not bad results:} 9. e3 a6 {'N!' Anand,V.} (9... Qc6 10. h3
Nf3+ 11. Ke2 Nge5 12. b3 g5 13. Bg2 gxf4 14. exf4 a6 15. fxe5 axb5 16. Bxf3 Qc5
17. Nxb5 Qxe5+ 18. Kf1 Bg7 19. Rc1 Rxa2 20. Kg2 Qb2 21. Nd6+ Ke7 22. Ne4 Qd4
23. Qe1 f5 24. Nc3 Rb2 25. Nd5+ Kd8 26. Rd1 Qa7 27. Nf4 Kc7 28. Rd3 Bd4 29. Rf1
e5 30. Nd5+ Kb8 31. Qc1 d6 32. Qh6 {1-0 Bosboom Lanchava,T (2383)-Golubenko,V 
(2271)/Dresden GER 2007. with very unclear play.}) 10. Nc7+ $6 ({A much
stronger move which has not been tried yet is:} 10. h3 axb5 11. hxg4 (11. cxb5
Nxf2 12. Kxf2 Ng6) 11... Nxc4 12. Qb3 $13) 10... Qxc7 11. Qxg4 Qxc4 (11... d6
$11 12. Qe2 Bd7 (12... Ng6 $5 {ץf4}) 13. Bxe5 $8 dxe5 14. Bg2 Be7 (14... Rc8
15. O-O) 15. O-O O-O 16. Rac1 Rac8 17. Rfd1 Rfd8 18. c5 (18. a3 f5 19. b4 e4
20. Bf1 {/\ Qa2=}) 18... f5 $1 19. e4 (19. b4 e4) 19... Bg5 $4 (19... Bxc5 $1
20. exf5 exf5 21. Nd5 Qd6 (21... Qb8 22. b4) 22. Ne3 Bd4 23. Bxb7 $15) 20. Rb1
g6 {/\ Kf4, g4 1-0 Anand,V (2725)-Leko,P (2625)/Wijk 1996} (20... a5 21. exf5
$1 (21. Nb5 Bxb5 22. Qxb5 Rxd1+ 23. Rxd1 Qxc5 24. Rd8+ Bxd8 25. Qe8+ Qf8 26.
Qxe6+ Kh8 27. Qxc8 $11) 21... exf5 22. Nb5 $1 Bxb5 (22... Qxc5 23. Nd6) 23.
Qxb5 Rxd1+ 24. Rxd1 $16 e4 (24... Qxc5 $2 25. Rd8+ $1 Bxd8 26. Qe8+ Qf8 27.
Bd5+ $18) 25. c6 $1 $16)) (11... Qc6 $2 12. Bxe5 Qxh1 13. O-O-O $1 $44) 12. Qd1
(12. Qh5 Nd3+ 13. Bxd3 (13. Kd2 Nxf4 $17) 13... Qxd3 $15) (12. Qxg7 $4 Qxc3+
$19) 12... Qc6 13. e4 (13. Bxe5 Qxh1 $15) 13... Bb4 14. Bxe5 Qxe4+ 15. Qe2 Qxh1
16. O-O-O Bxc3 17. Bxc3 Qxh2 18. Bxg7 Rg8 19. Bc3 d5 20. Rxd5 Bd7 21. Rh5 Qg1
22. Qe1 O-O-O 23. Rxh7 Bb5 {1/2 Smirin,I (2671)-Holzke,F (2492)/Port Erin IOM
2004. and Black is trying to win.}) 9... f6 $146 ({Very risky is the immediate
} 9... g5 10. Bxe5 Qxf2+ (10... Nxe5 11. O-O-O a6 12. e3 Rb8 13. Nd4 Qc7 (13...
Qb4 14. Be2 Qxa4 15. Nxa4 Nxc4 16. Bxc4 b5 17. Bb3 bxa4 18. Bxa4 {with a good
endgame for Black.}) 14. Be2 Be7 15. Kb1 Nc6 16. Rc1 Qe5 17. Rhd1 h5 18. Ka1 g4
19. Bf1 f5 20. Bg2 Kf7 21. h3 Bf6 22. Qc2 Ne7 23. Nce2 b5 24. cxb5 axb5 25. Nf4
{1/2 Aronian,L (2739)-Leko,P (2753)/Morelia/Linares MEX/ESP 2008. and the
black king is clearly not so safely placed.}) 11. Kd1 Nxe5 12. Nc7+ Kd8 13.
Nxa8 Qd4+ 14. Kc2 Nxc4 15. e4 ({equal was} 15. Kb3 Nd2+ 16. Kc2 {1/2-1/2
Carlsen,M (2776)-Dominguez Perez,L (2717)/Linares 2009/CBM 129}) 15... Qd2+ 16.
Kb3 Qxb2+ 17. Kxc4 d5+ 18. exd5 Bg7 19. Qb3 exd5+ 20. Kc5 {such kings never
make it back to home territory!} Qf2+ 21. Kb4 Bd7 22. Be2 Bf8+ 23. Ka5 Qc5+ 24.
Nb5 {Ponkratov,P (2579)-Zablotsky,S (2540)/Voronezh 2009/CBM 130 Extra/0-1}) ({
Very useful is} 9... Bc5 10. O-O-O f6 11. Ne4 O-O 12. b4 Be7 13. h3 Qc6 $5 ({
Not bad was} 13... Nxf2 14. c5 Qa6 15. Qxa6 bxa6 16. Nxf2 axb5) 14. Bg2 d5 15.
hxg4 $2 (15. Nc5 $1 {led to a sharp, but balanced position.}) 15... Qxc4+ 16.
Nec3 a6 17. Qc2 axb5 18. Bxe5 fxe5 19. Rxd5 h6 20. Rd3 Bxb4 21. g5 Ra3 22. Ne4
Rxa2 {Buhmann,R (2569)-Volokitin,A (2684)/Plovdiv 2008/CBM 124/0-1 (24). with
a winning attack.}) ({And finally one more interesting try is} 9... a6 10. f3
g5 $1 11. Bxg5 f6 12. Bf4 Nf2 $146 (12... Ne3 {was not so strong.}) 13. Nc7+
Qxc7 14. Kxf2 Qb6+ (14... Qxc4 {was bad:} 15. Bxe5 Qxa4 16. Nxa4 fxe5 17. Rc1 {
winning.}) 15. Be3 Qxb2 16. Qb3 Nd3+ 17. Kg2 Bb4 18. Rb1 Ne1+ $1 19. Rxe1 Qxb3
20. axb3 Bxc3 21. Rc1 Bb4 $11 {Iturrizaga Bonelli,E (2528)-Holzke,F (2524)/
Wijk aan Zee}) 10. Ne4 Bc5 ({Very interesting was} 10... a6 11. Rd1 Kf7 12. h3
d5 13. hxg4 Nxc4 14. Nc7 Bb4+ 15. Nd2 Nxd2 16. Rxd2 Bxd2+ 17. Kxd2 Rb8 18. Bg2
{with a very unclear situation on the board.}) 11. e3 $6 (11. f3 {had to be
tried.} Nf2 12. Nxc5 Nxh1 13. Ne4 {and Black will have huge problems with his
knight on h1.}) 11... O-O 12. h3 (12. Nxc5 {was met by} Qc6 $1 13. h3 Qxh1 14.
hxg4 Nf3+ 15. Ke2 e5) 12... Nf3+ (12... Qc6 {gave nothing, as White has} 13.
Nbc3 Qxa4 14. Nxa4 Bb4+ 15. Nac3 Nf3+ 16. Ke2 Nge5 17. Bg2 f5 18. a3 Be7 19.
Bxf3 fxe4 20. Bxe4 Nxc4 21. Nd5 $1) 13. Ke2 Nge5 14. Bg2 d5 (14... g5 {was
very weak and White kept an advantage after} 15. Bxf3 gxf4 16. gxf4 Nxf3 17.
Kxf3) 15. Bxf3 Bd7 $1 (15... dxe4 {was wrong:} 16. Bxe4 a6 17. Bxe5 fxe5 18.
Rhd1 {with advantage.}) 16. Bxe5 fxe5 (16... dxe4 {was possible:} 17. Bxe4 fxe5
18. b4 Bd4 19. Rad1 a6 20. Qb3 axb5 21. c5 Qa6 22. exd4 Qxa2+ 23. Qxa2 Rxa2+
24. Rd2 Rxf2+ 25. Kxf2 Rxd2+ 26. Ke3 Rxd4 27. Bxb7 {with a slight advantage in
the ending.}) 17. b4 Be7 (17... Bd4 $1 {was very interesting. It kept play
running at high speed!}) 18. Nec3 (18. Qa5 dxe4 19. Bxe4 Bc6 20. Qxb6 axb6 21.
Bxc6 bxc6 22. Nc7 Ra4 23. Nxe6 Rfa8 24. h4 h6 25. b5 Rxc4 {led to a very sharp
ending.}) 18... a6 (18... a5 $5 {was very much possible, opening the a-file.})
19. cxd5 exd5 (19... axb5 20. Qb3 Rac8 21. dxe6 Bxe6 22. Qxe6+ Qxe6 23. Bd5 Kf7
24. Bxe6+ Kxe6 25. Rhc1 Bxb4 26. Nxb5 {led to an endgame with an extra pawn.})
20. Qa5 $2 ({Better was} 20. Bxd5+ Kh8 21. Qb3 axb5 22. Rad1 Qf6 23. f4 exf4
24. gxf4 Rac8 {with a complicated position.}) 20... Qf6 $1 21. Bxd5+ Kh8 22.
Nc7 $2 ({There was the slightly stronger} 22. f4 exf4 23. gxf4 axb5 24. Qc7 Bc6
{with advantage to Black.}) 22... b6 $1 (22... Qxf2+ {was possible.}) 23. Qa3
Rac8 {Once more it was possible to take on f2.} 24. f3 Rxc7 25. Be4 (25. Rac1 {
was bad:} a5) 25... Bc6 26. Rac1 (26. Raf1 {was a slightly more stubborn
defence in comparison with the game.}) 26... Bxe4 27. fxe4 Rxc3 $1 {A well
calculated decisive attack.} 28. Qxc3 Qf2+ 29. Kd3 Rd8+ 30. Kc4 Qxa2+ 0-1

[Event "SLO-chT"]
[Site "Slovenia"]
[Date "2011.06.03"]
[Round "4"]
[White "Lenic, Luka"]
[Black "Ruck, Robert"]
[Result "1/2-1/2"]
[WhiteElo "2637"]
[BlackElo "2562"]
[Annotator "Mikhalchishin,A"]
[PlyCount "110"]
[EventDate "2011.05.27"]
[EventType "team-tourn"]
[EventRounds "9"]
[EventCountry "SLO"]
[SourceTitle "CBM 142 Extra"]
[Source "ChessBase"]
[SourceDate "2011.06.27"]
[SourceVersion "1"]
[SourceVersionDate "2011.06.27"]
[SourceQuality "1"]
[WhiteTeam "Maribor"]
[BlackTeam "Pomgrad Radenska"]
[WhiteTeamCountry "SLO"]
[BlackTeamCountry "SLO"]

1. Nf3 Nf6 2. c4 c5 3. d4 cxd4 4. Nxd4 e6 5. Nc3 Nc6 6. a3 Be7 {This avoids
the main line, but leads to a hedgehog, which most modern players hate.} 7. e4
({Another serious option is to try to get the Catalan bishop, personally I
like this way.} 7. g3 O-O ({It is necessary to try to damage White's set up:} 
7... Qb6 8. Nf3 (8. Ndb5) 8... Ng4 $1 9. e3 O-O 10. Bg2 Nge5 11. Nxe5 Nxe5 12.
b3 Bf6 13. Ra2 d5 14. cxd5 Qa6 15. Bf1 Nf3+ 16. Qxf3 Bxc3+ 17. Bd2 {1/2
Tkachiev,V (2657)-Gelfand,B (2681)/Shenyang 2000}) 8. Bg2 d5 9. O-O dxc4 10.
Nxc6 bxc6 11. Qa4 Bb7 (11... Nd5 $5 12. Qxc6 Bd7 13. Qxc4 Rc8 14. Qa6 Nxc3 15.
bxc3 Qb6 $1) 12. Qxc4 Nd5 $146 (12... Qc8 13. b4 Nd5 14. Bb2 Bf6 $11) 13. e4
Nb6 (13... Nxc3 14. Qxc3 Qb6 15. Rd1 $14) 14. Qe2 Qc8 15. Rd1 c5 16. Bf4 (16.
a4 $5) 16... Qc6 (16... Rd8 17. Rxd8+ Qxd8 18. Rd1 Qf8 19. a4 $16) 17. a4 (17.
Rac1 $5 {/\ b4}) 17... a5 (17... Rad8 18. a5 Nc8 19. Qb5 $14) 18. Qb5 $1 $14
Rfc8 19. Bf1 (19. Rac1 $14) 19... g5 20. Be3 Qxb5 (20... h6 $142) 21. axb5 $1
a4 22. Ra3 $1 h6 (22... f5 23. Nxa4 $1 Nxa4 24. Rd7 $16) 23. f3 f5 24. Nxa4 $1
$16 {1-0 Mikhalchishin,A (2522)-Borisek,J (2445)/Slovenija 2003  (34)}) 7...
O-O 8. Nf3 Qc7 (8... b6 9. Be2 Bb7 10. O-O Rc8 11. Bf4 Na5 12. Nd2 d6 13. Rc1
Nc6 14. Be3 Nd7 15. b4 a6 16. Re1 Kh8 17. Bf1 Nce5 18. f4 Ng6 19. g3 Bf6 20.
Bf2 Qc7 21. Nb3 Rfd8 22. Bg2 Ne7 23. Nd4 Qb8 24. Qe2 Qc7 25. Red1 {with a
typical small hedgehog advantage, Wang Hao (2732)-Bu Xiangzhi (2662)/Danzhou
CHN 2011 (55)}) ({There is a new move, which requires real testing:} 8... Qa5
$1 $146 9. Bd3 d5 10. O-O d4 11. Ne2 e5 12. Ng3 Qc7 13. Bg5 Nd7 14. Bxe7 Nxe7
15. b4 b6 16. Nh4 Nf6 17. Qd2 Be6 18. Rac1 a5 19. c5 axb4 20. Qxb4 bxc5 21.
Rxc5 Qa7 22. Ra1 Rfb8 23. Rb5 Qc7 {1/2 Hernandez Carmenates,H (2568)-Dominguez
Perez,L (2695)/La Habana 2008}) 9. Bd3 (9. Be2 b6 10. O-O (10. h3 Bb7 11. Be3
Rad8 12. O-O d5 $6 {Too risky a pawn sacrifice} 13. cxd5 exd5 14. exd5 Ne5 15.
Rc1 Qb8 16. Qd4 Ng6 17. Bc4 Bc5 18. Qd2 Bxe3 19. fxe3 Ne5 20. Ba2 Nxf3+ 21.
Rxf3 Qe5 22. Rf4 {Black has no real compensation for the pawn,
Jakovenko-Alekseev, Russia 2008}) 10... Bb7 11. Bg5 (11. g3 Rfd8 12. Bf4 d6 13.
Rc1 Rac8 14. Re1 Qb8 15. Bf1 Ne5 16. Nd2 Qa8 17. h4 h6 18. h5 Nfd7 19. b4 Nf6
20. Qe2 Rd7 21. Na4 Rdc7 22. Nb2 Nfd7 23. Nb3 Bf6 24. Nd4 a6 25. Bh3 Qa7 26.
Bg2 Qa8 {and the black hedgehog breathes freely!, 1-0 Lenic,L (2602)-Ponkratov,
P (2604)/Paleochora GRE 2010}) 11... Rac8 12. Bh4 d6 13. b4 Rfd8 14. Qc2 Ng4
15. Bxe7 Qxe7 16. Rad1 Nge5 17. Ne1 g5 18. g3 Qf6 19. Nb5 d5 20. f4 $2 ({
It was much better to concentrate on queenside play:} 20. exd5 exd5 21. c5)
20... Nxc4 21. Bxc4 dxc4 22. Nd6 Rc7 23. e5 Qe7 24. Nf3 gxf4 25. gxf4 f6 26. b5
Na5 27. Nxb7 Nxb7 28. Kh1 Rxd1 29. Rxd1 Kh8 {and White has no real
compensation for the pawn, Krasenkow-Macieja, Poland 2008}) 9... b6 10. O-O Ng4
$5 {A very interesting new approach; previous tries were not so very
successful.} (10... Bb7 11. Bg5 (11. Nb5 Qb8 12. Re1 d6 13. Bf4 Ne5 14. h3 Rd8
15. Rc1 a6 16. Nc3 Qc7 17. Bf1 Rac8 18. Nd2 Nfd7 19. Bg3 Ng6 20. f4 Bh4 21.
Bxh4 Nxh4 22. Nf3 Ng6 23. g3 Nf6 24. Kh2 h5 25. Qd2 h4 26. Nxh4 Nxh4 27. gxh4
Qc5 28. Bd3 g6 29. Rg1 Kg7 30. Rg5 Qd4 31. Rd1 Rh8 {with very complicated play,
1/2 Macieja,B (2625)-Zaslavsky,M (2391)/Rijeka CRO 2010}) 11... Rad8 12. Qd2 d6
13. Rfd1 h6 14. Bh4 Ng4 15. Nb5 Qb8 16. Bxe7 Nxe7 17. Re1 Ne5 18. Nbd4 N7g6 19.
Rac1 Rc8 20. Nxe5 dxe5 21. Nb3 Rfd8 22. Qe3 Qd6 23. Bf1 Ne7 24. c5 bxc5 25.
Rxc5 Nc6 26. Rec1 Nd4 27. Na5 Rxc5 28. Nxb7 Rxc1 29. Nxd6 {with white
advantage, 1-0 Ding Liren (2565)-Lou Yiping (2429)/Olongapo City PHI 2010}) 11.
h3 Nge5 12. Bf4 (12. Nb5 {was not very impressive:} Qb8 13. Nxe5 Nxe5 14. Be2
a6 15. Nc3 Qc7 16. b3 b5) 12... d6 13. Rc1 Nxf3+ ({It is better to avoid
White's typical tactics} 13... Bb7 14. Nd5 Qd7 15. Nxe7+ Qxe7 16. Bb1) 14. Qxf3
Ne5 15. Qg3 Bb7 (15... Nxd3 16. Qxd3 Bb7 17. Nb5 Qc6 18. Nxd6 Rfd8 19. Rfd1 {
and it is impossible to exploit this pin.}) 16. Rfd1 a6 17. Be2 Rfd8 18. b4 $5
({White wants to solve the situation on the queenside immediately, but it was
better to continue slowly} 18. b3 Rac8 19. Be3) 18... Nxc4 $5 ({Possible was
the positional} 18... Bf6 19. Qe3 Rab8 20. Na4 Bc6 {, but Black decided for a
very interesting positional queen sacrifice.}) 19. Bxc4 Qxc4 20. Nd5 exd5 21.
Rxc4 dxc4 22. Be3 ({A more exact solution was to try to exchange the
black-squared bishops:} 22. f3 Rac8 23. Bg5) 22... b5 23. f3 Bf8 24. Bd4 Rac8
25. Bc3 $6 ({It was better to try to stop the freeing move ...d6-d5 for a time
} 25. Bf6 Rd7 26. Qg4 Bc6 27. Bc3) 25... d5 26. exd5 $6 ({Possibly better
would be not to exchange pawns, but after} 26. e5 a5 27. Qf2 axb4 28. axb4 Bc6
29. Qb6 Rd7 {it would be necessary to keep an eye on the black centre.}) 26...
Rxd5 (26... Bxd5 $5 {with next ...Be6 allowed to fight for the d3-square.}) 27.
Rxd5 Bxd5 28. Qe5 Be6 29. Qd4 (29. Bd4 $1 {would close the d-file more
efficiently.}) 29... a5 $2 (29... Rc6 {and ...Rd6 would be stronger. As was
mentioned, Black's idea is to reach the d3-square.}) 30. Qb6 axb4 31. axb4 Be7
(31... Bd7 {would not be so good:} 32. Qb7 Rd8 33. Qc7 Be7 34. Bd4 h6 35. Bb6
c3 36. Qxc3) 32. Kf2 ({The pawn capture} 32. Qxb5 {was dangerous:} Bf6 33. Bxf6
gxf6 34. Qa4 c3) ({Another try did not promise too much either:} 32. f4 Bf6 33.
Bxf6 gxf6 34. f5 Bxf5 35. Qxf6 Bg6 36. Qa6 Rd8 37. Qc6) 32... Bf6 33. Qe3 Bxc3
34. Qxc3 h5 {Black has Lasker's classical compensation for the queen - rook,
bishop and pawn. As the pawn is strong, it means, that the compensation is
more than sufficient.} 35. Ke2 Rd8 36. Qe5 Rd5 37. Qb8+ Kh7 38. g4 $6 ({
A big fight would start after} 38. Qc7 h4 39. Qf4 g5 40. Qe4+ Kh6 41. f4 g4 42.
hxg4 Bxg4+) 38... hxg4 ({The simple pawn push} 38... c3 {would be very
unpleasant for White:} 39. Qc7 Rd2+ 40. Ke3 Bc4) 39. hxg4 g5 {Now the position
is blocked and Black can't easily get in ...c4-c3 - White finds a way to
create some threats of perpetual.} 40. Qc7 Kg6 41. Qc6 Kf6 42. Ke3 Rd3+ 43. Ke2
Rd5 44. Ke3 Kg7 45. Ke2 Re5+ 46. Kd2 f6 47. Qc7+ Kg6 48. Qc6 Bf7 49. Qc8 Bd5
50. Qb8 Bf7 ({A perpetual would happen after} 50... Bxf3 51. Qg8+) 51. Qc8 Rd5+
52. Ke2 Re5+ 53. Kd2 Kg7 54. Qc7 Rd5+ 55. Ke2 Kg6 1/2-1/2